Normal view
MARC view
Entry Personal Name
001 - CONTROL NUMBER
- control field: 7077
003 - CONTROL NUMBER IDENTIFIER
- control field: ARRUPE
005 - DATE AND TIME OF LATEST TRANSACTION
- control field: 20140124110706.0
008 - FIXED-LENGTH DATA ELEMENTS
- fixed length control field: 140124|| aca||aabn | a|a d
040 ## - CATALOGING SOURCE
- Original cataloging agency: ARRUPE
- Transcribing agency: ARRUPE
100 ## - HEADING--PERSONAL NAME
- Personal name: Thomson, T. D.
670 ## - SOURCE DATA FOUND
- Source citation: Work cat.: (ARRUPE): Thomson, T. D., A Practical approach to Chinyanja, 1952